Normal view MARC view
  • México

Entry Nombre Geográfico

Number of records used in: 6

001 - NÚMERO DE CONTROL

  • campo de control: 20129

003 - IDENTIFICADOR DE NUMERO DE CONTROL

  • campo de control: UPN

005 - FECHA Y HORA DE LA ÜLTIMA TRANSACCIÓN

  • campo de control: 20220607133830.0

008 - DATOS DE LONGITUD FIJA

  • campo de control de longitud fija: 220607nn acannaabn n ana d

035 ## - NÚMERO DE CONTROL

  • Número de control: UPN10000020138

040 ## - FUENTE DE CATALOGACIÓN

  • Lenguaje de catalogación: SPA
  • Agencia de transcripción: UPN
  • Agencia de catalogación original: UPN

151 ## - ENCABEZAMIENTO - NOMBRE GEOGRÁFICO

  • Nombre geográfico: México
  • Subdivisión general : Vida social y costumbres
  • Subdivisión de forma: Novela

670 ## - FUENTE EN LA QUE SE LOCALIZARON DATOS

  • Cita de la fuente: LC
  • Información localizada: Mexico - Social life and customs - Fiction

902 ## - CATALOGADOR

  • Catalogador: MCM/060312